| 000 | 02965ncm0a2200505 4500 | ||
|---|---|---|---|
| 001 | RU\NLR\ONIZ\218849 | ||
| 005 | 20250626062716.0 | ||
| 013 | _a979-0-706353-16-6 | ||
| 021 |
_aRU _b08-162 _908-8 |
||
| 035 | _aRU\NLR\ONIZ\lanatalya\5000005119\20170620162301 | ||
| 035 | _a(NLR Aleph) 011415336 | ||
| 090 |
_a11581558 _c11581558 |
||
| 100 | _a20170620d2008 |||y0rusy50 ca | ||
| 101 | 0 | _arus | |
| 102 | _aRU | ||
| 125 | _azx | ||
| 128 | _asg | ||
| 145 | 0 | _ac | |
| 200 | 1 |
_aПесни _bНоты _e[для голоса с букв.-цифр. обозн. сопровожд.] _fА. Костюк _gсост. А. Г. Костюк, Ф. И. Такун |
|
| 210 |
_aМосква _cСовременная музыка _d2008 |
||
| 215 |
_a287, [1] c., [8] л. ил. _cил., фото _d22 см |
||
| 300 | _aНа обл.: Поёт Надежда Кадышева. Золотое кольцо. | ||
| 313 | _aСистематизация документа проведена по изданию - Методика классифицирования музыкальных произведений (нотных изданий) по таблицам Библиотечно-библиографических классификаций : метод. рекомендации / Гос. б-ка СССР им. В.И. Ленина.- М., 1977. Индексу ББК методических рекомендаций присваивается код ББК для научных библиотек - LBC/SL | ||
| 606 | 1 |
_aПоёт Надежда Кадышева _yРоссия _z20-21 вв. _jНоты _2nlr_sh |
|
| 606 | 1 |
_aИз репертуара Надежды Кадышевой _yРоссия _z20-21 вв. _jНоты _2nlr_sh |
|
| 606 | 1 |
_aЗолотое кольцо (ансамбль) _yРоссия _z20-21 вв. _jНоты _2nlr_sh |
|
| 686 |
_aЩ943, 8(2Р=Р)я44 _vLBC/SL _2rubbk |
||
| 686 |
_aЩ942.1, 8(2Р=Р)я44 _vLBC/SL _2rubbk |
||
| 700 | 1 |
_9z01790 _aКостюк _bА. Г. _f1958- _gАлександр Григорьевич _4230 _7ca |
|
| 702 | 1 |
_9z05790 _aКостюк _bА. Г. _f1958- _gАлександр Григорьевич _4220 _7ca |
|
| 702 | 1 |
_9z06790 _aТакун _bФ. И. _gФёдор Иосифович _4220 _7ca |
|
| 702 | 1 |
_aКадышева _bН. Н. _f1959- _gНадежда Никитична _4590 |
|
| 712 | 0 | 2 |
_aНациональный театр народной музыки и песни "Золотое кольцо" _4570 |
| 790 | 1 |
_9z01700 _aKostjuk _bA. G. _f1958- _gAleksandr Grigorjevič _4230 _7ba |
|
| 790 | 1 |
_9z05702 _aKostjuk _bA. G. _f1958- _gAleksandr Grigorjevič _4220 _7ba |
|
| 790 | 1 |
_9z06702 _aTakun _bF. I. _gFjodor Iosifovič _4220 _7ba |
|
| 801 | 0 |
_aRU _bNLR _c20170620 _gPSBO |
|
| 801 | 1 |
_aRU _bNLR _c20170620 _2rusmarc |
|
| 801 | 2 |
_aRU _bNLR _c20190921 |
|
| 852 |
_aNLR _bМ _j2/4179 _pМОЭ 2008-8/162 _t1 |
||
| 852 |
_aNLR _bМ _j2/4179а _pМОЭ 2008-8/162а _t2 |
||
| 942 | _cSCORE | ||
| 980 | _aNB | ||
| 980 | _aONIZ | ||